Estadística de Barcelona en 1849 / Laureà Figuerola , estudi preliminar i índexs d'Anton Costas
Descripción Física:
35, XIII, 320 p. ; 24 cm
Colección:
Clàssics del pensament econòmic català ; 8
Otros Autores:
Costas Comesaña, Anton
MARC
| LEADER | 00000nam a2200000Ia 4500 | ||
|---|---|---|---|
| 001 | 9937 | ||
| 008 | 160829s1993 xx 000 0 cat d | ||
| 080 | |a M-2-133 | ||
| 100 | |a Figuerola, Laureà |9 32985 | ||
| 245 | |a Estadística de Barcelona en 1849 / Laureà Figuerola , estudi preliminar i índexs d'Anton Costas | ||
| 260 | |a Barcelona : |b Alta Fulla : |b Diputació de Barcelona, |c 1993 | ||
| 300 | |a 35, XIII, 320 p. ; |c 24 cm | ||
| 490 | |a Clàssics del pensament econòmic català ; 8 | ||
| 590 | |a Facsímil, Barcelona : Impr. y Libr. Politècnica de Tomás Gorchs, 1849. | ||
| 590 | |a Referències bibliogràfiques. | ||
| 590 | |a Índex. | ||
| 590 | |a Text en català i castellà | ||
| 650 | |a Barcelona |x Estadístiques |x 1849 |9 32986 | ||
| 650 | |a Barcelona |x Condicions econòmiques |x S. XIX |9 32987 | ||
| 700 | |a Costas Comesaña, Anton |e escriptor d'un pròleg |9 28589 | ||
| 901 | |a Arxiu | ||
| 942 | |n 1 |2 udc | ||
| 952 | |0 0 |1 0 |4 0 |6 M2133 |7 1 |9 46165 |a Arxiu |b Arxiu |d 2016-12-01 |l 0 |o M-2-133 |p 9937 |r 2016-12-01 00:00:00 |w 2016-12-01 |y ARXIU | ||
| 999 | |c 49667 |d 49667 | ||